The vicar of Wakefield : (Record no. 154381)
[ view plain ]
| 000 -LEADER | |
|---|---|
| campo de control de longitud fija | 00951nam a2200241 i 4500 |
| 001 - NÚMERO DE CONTROL | |
| campo de control | 154381 |
| 003 - IDENTIFICADOR DE NÚMERO DE CONTROL | |
| campo de control | ES-MaACL |
| 005 - FECHA Y HORA DE LA ÚLTIMA TRANSACCIÓN | |
| campo de control | 20250708063328.0 |
| 008 - DATOS DE LONGITUD FIJA--INFORMACIÓN GENERAL | |
| campo de control de longitud fija | 040707e1846 xxuaf |||| | eng d |
| 040 ## - FUENTE DE CATALOGACIÓN | |
| Centro catalogador/agencia de origen | CAM |
| Lengua de catalogación | spa |
| Centro/agencia transcriptor | CAM |
| 080 ## - NÚMERO DE LA CLASIFICACIÓN DECIMAL UNIVERSAL | |
| Número de la Clasificación Decimal Universal | 821.111-31"17" |
| 100 1# - ENTRADA PRINCIPAL--NOMBRE DE PERSONA | |
| Nombre de persona | Goldsmith, Oliver, |
| Fechas asociadas al nombre | 1730-1774 |
| Término indicativo de función/relación | Autor |
| 9 (RLIN) | 57689 |
| 245 14 - MENCIÓN DEL TÍTULO | |
| Título | The vicar of Wakefield : |
| Resto del título | a tale / |
| Mención de responsabilidad, etc. | by Oliver Goldsmith ; with an account of the author's life and writings by J. Aikin |
| 260 ## - PUBLICACIÓN, DISTRIBUCIÓN, ETC. | |
| Lugar de publicación, distribución, etc. | New York : |
| Nombre del editor, distribuidor, etc. | D. Appleton & Co. ; |
| Lugar de publicación, distribución, etc. | Philadelphia : |
| Nombre del editor, distribuidor, etc. | George S. Appleton, |
| Fecha de publicación, distribución, etc. | 1846 |
| 300 ## - DESCRIPCIÓN FÍSICA | |
| Extensión | 284 páginas, [1] hoja de lámina : |
| Otras características físicas | ilustraciones ; |
| Dimensiones | 19 cm. |
| 600 14 - PUNTO DE ACCESO ADICIONAL DE MATERIA--NOMBRE DE PERSONA | |
| 9 (RLIN) | 57690 |
| Nombre de persona | Goldsmith, Oliver, |
| Fechas asociadas al nombre | 1730-1774- |
| Subdivisión general | Biografías |
| 650 #7 - PUNTO DE ACCESO ADICIONAL DE MATERIA--TÉRMINO DE MATERIA | |
| Fuente del encabezamiento o término | embne |
| 9 (RLIN) | 175847 |
| Término de materia o nombre geográfico como elemento de entrada | Cuentos |
| 700 1# - ENTRADA AGREGADA--NOMBRE PERSONAL | |
| Nombre de persona | Aikin, John, |
| Fechas asociadas al nombre | 1747-1822 |
| Término indicativo de función/relación | Colaborador |
| 9 (RLIN) | 125568 |
| 852 ## - LOCALIZACIÓN | |
| Ubicación | ES-MaACL |
| Ubicación en estantería | Sala Valle Inclán |
| Donativo/Legado | Legado de Modesto de la Fuente |
| Número de control de estantería | D-3688 |
| 942 ## - ELEMENTOS DE ENTRADA SECUNDARIOS (KOHA) | |
| Fuente del sistema de clasificación o colocación | Clasificación decimal universal |
| Tipo de ítem Koha | Libro impreso antiguo |
| Suprimir en OPAC | No |
| Estatus retirado | Estado de pérdida | Fuente del sistema de clasificación o colocación | Estado de daño | No para préstamo | Colección | Biblioteca de origen | Biblioteca actual | Ubicación en estantería | Fecha de adquisición | Fuente de adquisición | Total de préstamos | Signatura topográfica completa | Código de barras | Visto por última vez | Tipo de ítem Koha |
|---|---|---|---|---|---|---|---|---|---|---|---|---|---|---|---|
| Clasificación decimal universal | Libros del s. XIX | Biblioteca del Ateneo de Madrid | Biblioteca del Ateneo de Madrid | Sala Valle Inclán | 17/01/2008 | Legado | D-3688 | 901161442 | 23/02/2023 | Libro impreso antiguo |
